Principles of athletic training / (Record no. 12565)
[ view plain ]
| 000 -LEADER | |
|---|---|
| fixed length control field | 00597nam a2200217 a 4500 |
| 020 ## - INTERNATIONAL STANDARD BOOK NUMBER | |
| ISBN | 0815103263 |
| 040 ## - CATALOGING SOURCE | |
| Transcribing agency | NLM |
| 082 00 - DEWEY DECIMAL CLASSIFICATION NUMBER | |
| Classification number | 617 BOR 1997 A043 Or. |
| 100 1# - MAIN ENTRY--AUTHOR NAME | |
| Personal name | Arnheim, Daniel D. |
| 245 10 - TITLE STATEMENT | |
| Title | Principles of athletic training / |
| 246 30 - VARYING FORM OF TITLE | |
| Title proper/short title | Athletic training |
| 250 ## - EDITION STATEMENT | |
| Edition statement | 9th ed. |
| 260 ## - PUBLICATION, DISTRIBUTION, ETC. (IMPRINT) | |
| Place of publication | Madison, WI : |
| Name of publisher | Brown & Benchmark, |
| Year of publication | c1997. |
| 300 ## - PHYSICAL DESCRIPTION | |
| Number of Pages | xix, 828 p. : |
| Other physical details | ill. |
| 650 #2 - SUBJECT ADDED ENTRY--TOPICAL TERM | |
| Topical Term | Physical Education and Training. |
| 650 #2 - SUBJECT ADDED ENTRY--TOPICAL TERM | |
| Topical Term | Sports Medicine. |
| 650 #0 - SUBJECT ADDED ENTRY--TOPICAL TERM | |
| Topical Term | Sports medicine. |
| 650 #0 - SUBJECT ADDED ENTRY--TOPICAL TERM | |
| Topical Term | Physical education and training. |
| 700 1# - ADDED ENTRY--PERSONAL NAME | |
| Personal name | Prentice, William E. |
| 942 ## - ADDED ENTRY ELEMENTS (KOHA) | |
| Koha item type | សៀវភៅភាសាអង់គ្លេស |
| 952 ## - LOCATION AND ITEM INFORMATION (KOHA) | |
| Withdrawn status [LOCAL, KOHA] | 0 |
| Permanent Location | Date acquired | Koha item type | Lost status | Shelving location | Barcode | Current Location | Full call number |
|---|---|---|---|---|---|---|---|
| Library Block A | 2017-08-14 | សៀវភៅភាសាអង់គ្លេស | A050 | A18457 | Library Block A | 617 BOR 1997 A050 Or. |